000 00450nam a2200157 i 4500
001 77366
003 ES-MaACL
005 20230906173159.0
007 t|
008 041008s1966 sp ||||1| spa d
100 1 _aGutiérrez Padial, Juan.
_961201
245 1 0 _aDebajo del silencio /
_cJuan Gutiérrez Padial.
260 _aGranada :
_b[s.n.,
_c1966] (
_fImp. Sagrado Corazón)
300 _a110 p. ;
_c22 cm.
852 _aES-MaACL
_jC-29256
_bR.59796
999 _c77366
_d77366